Digital communications (Record no. 956)

000 -LEADER
fixed length control field 00508nam a2200205 a 4500
001 - CONTROL NUMBER
control field 956
003 - CONTROL NUMBER IDENTIFIER
control field BD-DhUET
008 - FIXED-LENGTH DATA ELEMENTS--GENERAL INFORMATION
fixed length control field 860516s1986 inua b 001 0 eng
020 ## - INTERNATIONAL STANDARD BOOK NUMBER
International Standard Book Number 0071181830
040 ## - CATALOGING SOURCE
Original cataloging agency DLC
Transcribing agency DLC
Modifying agency BD-DhUET
082 00 - DEWEY DECIMAL CLASSIFICATION NUMBER
Classification number 623.8
Item number PRO/2001
100 ## - MAIN ENTRY--PERSONAL NAME
Personal name Proakis, John G.
245 00 - TITLE STATEMENT
Title Digital communications
250 ## - EDITION STATEMENT
Edition statement 4th ed.
260 ## - PUBLICATION, DISTRIBUTION, ETC. (IMPRINT)
Place of publication, distribution, etc. Boston
Name of publisher, distributor, etc. McGraw-Hill
Date of publication, distribution, etc. 2001
300 ## - PHYSICAL DESCRIPTION
Extent xxi,1002p..
504 ## - BIBLIOGRAPHY, ETC. NOTE
Bibliography, etc Includes bibliographies

650 #0 - SUBJECT ADDED ENTRY--TOPICAL TERM
Topical term or geographic name as entry element Digital communications.
942 ## - ADDED ENTRY ELEMENTS (KOHA)
Koha item type General Book
Holdings
Koha item type Location (home branch) Price effective from Source of classification or shelving scheme Koha normalized classification for sorting Koha full call number Not for loan Date acquired Shelving location Damaged status Lost status Koha issues (times borrowed) Koha date last seen Sublocation or collection (holding branch) Copy number Koha date last borrowed Withdrawn status Piece designation (barcode)
General BookCentral Library, BUET2014-08-26 623_000000000000000_8PRO2001623.8/PRO/2001 2014-08-26Circulation section   2014-08-26Central Library, BUET1  103342
General BookCentral Library, BUET2014-08-26 623_000000000000000_8PRO2001623.8/PRO/2001 2014-08-26Circulation section   2017-07-30Central Library, BUET2  103344
General BookCentral Library, BUET2014-08-26 623_000000000000000_8PRO2001623.8/PRO/2001 2014-08-26Circulation section   2015-06-08Central Library, BUET3  103345
General BookCentral Library, BUET2014-08-26 623_000000000000000_8PRO2001623.8/PRO/2001 2014-08-26Circulation section  12015-08-18Central Library, BUET42015-05-20 103346
General BookCentral Library, BUET2014-08-26 623_000000000000000_8PRO2001623.8/PRO/2001 2014-08-26Circulation section   2014-08-26Central Library, BUET5  103347
General BookCentral Library, BUET2014-08-26 623_000000000000000_8PRO2001623.8/PRO/2001 2014-08-26Circulation section  22018-08-29Central Library, BUET62018-08-06 103348
General BookCentral Library, BUET2014-08-26 623_000000000000000_8PRO2001623.8/PRO/2001 2014-08-26Circulation section  12018-09-11Central Library, BUET72018-08-29 103349
General BookCentral Library, BUET2014-08-26 623_000000000000000_8PRO2001623.8/PRO/2001 2014-08-26Circulation section   2015-08-16Central Library, BUET8  103350
General BookCentral Library, BUET2014-08-26 623_000000000000000_8PRO2001623.8/PRO/2001 2014-08-26Circulation section   2015-03-01Central Library, BUET9  107674
General BookCentral Library, BUET2017-05-16 623_800000000000000_PRO_2001623.8/PRO/2001 2007-05-07Circulation section  12018-09-09Central Library, BUET102018-08-28 103343